Giáo trình quản trị chất lượng toàn diện

Bewaard in:
Bibliografische gegevens
Hoofdauteur: Ths.Trương Hồng TrìnhThs. Lê Thị Minh Hằng
Formaat: Boek
Taal:Vietnamese
Gepubliceerd in: Lao Động 2008
Tags: Voeg label toe
Geen labels, Wees de eerste die dit record labelt!
Thư viện lưu trữ: Mạng thư viện Đại học Đà Nẵng
LEADER 00677nam a2200277 4500
001 000025904
003 1450
005 20150325120000.0
008 150325s vm 000 vie
020 |c 0,0000 
040 |a notts 
100 |a Ths.Trương Hồng TrìnhThs. Lê Thị Minh Hằng 
245 |a Giáo trình quản trị chất lượng toàn diện 
260 |b Lao Động  |c 2008 
300 |a 255tr. ; 
OWN |a LTT 
999 |a From the UDN01 
TYP |a Monograph 
TYP |a Printed language 
980 |a Mạng thư viện Đại học Đà Nẵng